[Event "Exchange Ruy Lopez"]
[Site "SchemingMind.com"]
[Date "2013.03.19"]
[Round "-"]
[White "Norsland"]
[Black "emvarela"]
[Result "0-1"]
[WhiteCountry "USA"]
[BlackCountry "ARG"]
[WhiteElo "1761"]
[WhiteRD "71"]
[BlackElo "1765"]
[BlackRD "48"]
[GameID "328719"]

1. Nc3 e5 2. Nf3 Nc6 3. d4 exd4 4. Nxd4 Nf6 5. Bg5 Bb4 6. Nxc6 bxc6 7. Qd4 Be7 8. Ne4 d5 9. Nxf6+ Bxf6 10. Bxf6 Qxf6
11. Qxf6 gxf6 12. e3 Bf5 13. Bd3 Bxd3 14. cxd3 Ke7 15. d4 Kd6 16. Rc1 Rab8 17. Rc2 Rb5 18. Kd2 Rhb8 19. b3 a5 20. Rhc1 R8b6
21. g4 a4 22. bxa4 Rb2 23. Rxb2 Rxb2+ 24. Rc2 Rb4 25. a5 Ra4 26. Rc5 Rxa2+ 27. Ke1 h6 28. Kf1 Ra4 29. Ke2 Ra2+ 30. Kf3 Ra4
31. Kf4 Ra2 32. Kg3 Kd7
0-1

[Event "Exchange Ruy Lopez"]
[Site "SchemingMind.com"]
[Date "2013.03.19"]
[Round "-"]
[White "emvarela"]
[Black "Norsland"]
[Result "1-0"]
[WhiteCountry "ARG"]
[BlackCountry "USA"]
[WhiteElo "1765"]
[WhiteRD "48"]
[BlackElo "1761"]
[BlackRD "71"]
[GameID "328721"]

1. e4 c5 2. Nf3 d6 3. d4 cxd4 4. Nxd4 Nf6 5. Nc3 a6 6. Be3 Ng4 7. Bg5 h6 8. Bh4 g5 9. Bg3 Bg7 10. h3 Nf6
11. Qf3 Qb6 12. O-O-O Nc6 13. Nxc6 Qxc6 14. Be2 Qc5 15. Qe3 Qxe3+ 16. fxe3 O-O 17. e5 dxe5 18. Bxe5 Be6 19. Bf3 b5 20. Bxa8 Rxa8
21. Bxf6 Bxf6 22. Ne4 Be5 23. a3 Rc8 24. Rd2 f5 25. Nf2 f4 26. e4 h5 27. Rhd1 Kf7 28. Rd8
1-0

[Event "Exchange Ruy Lopez"]
[Site "SchemingMind.com"]
[Date "2013.04.04"]
[Round "-"]
[White "ampp"]
[Black "MazetaFighter"]
[Result "0-1"]
[WhiteCountry "POR"]
[BlackCountry "GRE"]
[WhiteElo "1260"]
[WhiteRD "70"]
[BlackElo "1882"]
[BlackRD "72"]
[GameID "329719"]

1. e4 e5 2. Nf3 Nc6 3. Bb5 Nf6 4. Bxc6 dxc6 5. Nxe5 Qd4 6. Nf3 Qxe4+ 7. Qe2 Qxe2+ 8. Kxe2 Bg4 9. h3 Bh5 10. Re1 O-O-O
11. d3 Bb4 12. Nd2 Rhe8+ 13. Kf1 Bxf3 14. Nxf3 Bxe1 15. Nxe1 Re6 16. Be3 Rde8 17. Bxa7 b6
0-1

[Event "Exchange Ruy Lopez"]
[Site "SchemingMind.com"]
[Date "2013.04.04"]
[Round "-"]
[White "MazetaFighter"]
[Black "ampp"]
[Result "1-0"]
[WhiteCountry "GRE"]
[BlackCountry "POR"]
[WhiteElo "1882"]
[WhiteRD "72"]
[BlackElo "1260"]
[BlackRD "70"]
[GameID "329721"]

1. e4 e5 2. Nf3 Nc6 3. Bb5 a6 4. Ba4 b5 5. Bb3 Nf6 6. Ng5 d5 7. exd5 Nxd5 8. Qf3 Be6 9. Nxe6 fxe6 10. Nc3 Nd4
11. Qh5+ g6 12. Qxe5 Bg7 13. Qxg7 Nxb3 14. Qxh8+ Kd7 15. Qxd8+
1-0

[Event "Exchange Ruy Lopez"]
[Site "SchemingMind.com"]
[Date "2013.04.10"]
[Round "-"]
[White "ray winteringham"]
[Black "PunditX"]
[Result "0-1"]
[WhiteCountry "ENG"]
[BlackCountry "PHI"]
[WhiteElo "1514"]
[WhiteRD "50"]
[BlackElo "2077"]
[BlackRD "104"]
[GameID "330032"]

1. e4 c5 2. Nc3 Nc6 3. Nf3 e5 4. Bc4 Be7 5. d3 Nf6 6. O-O d6 7. Ng5 O-O 8. h3 h6 9. Nf3 Be6 10. Bxe6 fxe6
11. Ne2 Qe8 12. b3 Rd8 13. c4 d5 14. Qc2 dxe4 15. dxe4 Qg6 16. Ng3 Nh5 17. Be3 Rxf3 18. gxf3 Nd4 19. Bxd4 exd4 20. Kh1 d3
21. Qd2 Bg5 22. Qa5 Rf8 23. Qxc5 Rxf3 24. Qc8+ Kh7 25. Qxb7 Nxg3+ 26. fxg3 Rxg3 27. Kh2 Bf6 28. Rxf6 Rg2+
0-1

[Event "Exchange Ruy Lopez"]
[Site "SchemingMind.com"]
[Date "2013.04.10"]
[Round "-"]
[White "PunditX"]
[Black "ray winteringham"]
[Result "1-0"]
[WhiteCountry "PHI"]
[BlackCountry "ENG"]
[WhiteElo "2077"]
[WhiteRD "104"]
[BlackElo "1514"]
[BlackRD "50"]
[GameID "330033"]

1. e4 e5 2. Nf3 d6 3. d4 exd4 4. Nxd4 c5 5. Bb5+ Bd7 6. Bxd7+ Nxd7 7. Nf5 Ne5 8. Nc3 g6 9. Ne3 Bg7 10. O-O Nf6
11. f4 Nc6 12. Nc4 O-O 13. Nxd6 Qc7 14. e5 Ne8 15. Nd5 Qb8 16. Ne4 b6 17. c4 f5 18. Ng5 Qc8 19. Qa4 h6 20. Nf3 Rf7
21. Be3 Qb7 22. Nh4 Kh7 23. g4 Nc7 24. Rad1 Nxd5 25. cxd5 Na5 26. Qc2 Raf8 27. e6 Re7 28. gxf5 gxf5 29. Nxf5 Rxf5 30. Qxf5+ Kg8
31. d6 Re8 32. d7 Rf8 33. d8=Q
1-0

[Event "Exchange Ruy Lopez"]
[Site "SchemingMind.com"]
[Date "2013.04.11"]
[Round "-"]
[White "kubinet"]
[Black "Phillip Beckett"]
[Result "0-1"]
[WhiteCountry "GER"]
[BlackCountry "ENG"]
[WhiteElo "1334"]
[WhiteRD "51"]
[BlackElo "1562"]
[BlackRD "48"]
[GameID "330099"]

1. e4 e5 2. Bc4 Nf6 3. d3 Nc6 4. Nf3 Be7 5. O-O d6 6. h3 h6 7. Nc3 O-O 8. Be3 Nh7 9. a3 Ng5 10. Nh2 Be6
11. Bd5 Bxd5 12. Nxd5 Nd4 13. c3 Nde6 14. f4 exf4 15. Nxf4 Nxf4 16. Bxf4 Ne6 17. Be3 Bg5 18. Qe2 Bxe3+ 19. Qxe3 Qg5 20. Qxg5 Nxg5
21. Nf3 Nxf3+ 22. Rxf3 Rae8 23. Re1 Re7 24. Rfe3 Rfe8 25. g4 d5 26. Kf2 dxe4 27. Rxe4 Rxe4 28. Rxe4 Rxe4 29. dxe4 Kf8=
0-1

[Event "Exchange Ruy Lopez"]
[Site "SchemingMind.com"]
[Date "2013.04.11"]
[Round "-"]
[White "Phillip Beckett"]
[Black "kubinet"]
[Result "1-0"]
[WhiteCountry "ENG"]
[BlackCountry "GER"]
[WhiteElo "1562"]
[WhiteRD "48"]
[BlackElo "1334"]
[BlackRD "51"]
[GameID "330102"]

1. e4 d5 2. exd5 Nf6 3. Bb5+ Bd7 4. Bc4 Bg4 5. Be2 Bxe2 6. Qxe2 Nxd5 7. Qb5+ Qd7 8. Qxd7+ Nxd7 9. c3 O-O-O 10. d4 e5
11. Nf3 exd4 12. Nxd4 Bc5 13. O-O Rhe8 14. Nb3 Bb6 15. Bg5 f6 16. Bh4 Re2 17. N1d2
1-0

[Event "Exchange Ruy Lopez"]
[Site "SchemingMind.com"]
[Date "2013.04.16"]
[Round "-"]
[White "eun77"]
[Black "GBEDARD"]
[Result "0-1"]
[WhiteCountry "ISR"]
[BlackCountry "USA"]
[WhiteElo "1372"]
[WhiteRD "62"]
[BlackElo "2286"]
[BlackRD "65"]
[GameID "330330"]

1. d4 Nf6 2. e3 e6 3. Nf3 b6 4. Be2 Bb7 5. O-O d5 6. a3 Nbd7 7. h3 Bd6 8. b4 O-O 9. Nh2 c5 10. bxc5 bxc5
11. Ng4 Nxg4 12. Bxg4 Qc7 13. f4 Ba6 14. c3 Bxf1 15. Qxf1 Nf6 16. Bf3 Rab8 17. a4 cxd4 18. g3 dxc3 19. Qd3 c2 20. Nd2 Rfc8
21. Ra2 Qc3 22. Qxc3 Rxc3 23. Be2 Rb1 24. Nxb1 cxb1=Q
0-1

[Event "Exchange Ruy Lopez"]
[Site "SchemingMind.com"]
[Date "2013.04.16"]
[Round "-"]
[White "GBEDARD"]
[Black "eun77"]
[Result "1-0"]
[WhiteCountry "USA"]
[BlackCountry "ISR"]
[WhiteElo "2276"]
[WhiteRD "63"]
[BlackElo "1360"]
[BlackRD "56"]
[GameID "330332"]

1. e4 e5 2. Nf3 d6 3. d4 exd4 4. Nxd4 Nc6 5. Nc3 Nxd4 6. Qxd4 c6 7. Bf4 Qf6 8. Qd2 Qd8 9. O-O-O Nf6 10. e5 Nd5
11. Nxd5 cxd5 12. Qxd5 Be7 13. exd6 O-O 14. dxe7 Qxe7 15. Bd3 Be6 16. Rhe1 Bxd5 17. Rxe7 Bxg2 18. Rg1 Bd5 19. Bh6 g6 20. Bxf8 Kxf8
21. Rge1 Rb8 22. Rd7 Be6 23. Rxe6 fxe6 24. Rxh7 Kg8 25. Bxg6 a6 26. h4 Rf8 27. Rxb7 Rxf2 28. h5 e5 29. h6 Rf8 30. Kd2 Kh8
31. c4 Rd8+ 32. Ke3 e4 33. c5 a5 34. c6 Rd3+ 35. Kxe4 Rd8 36. c7 Rc8 37. Rb8
1-0

[Event "Exchange Ruy Lopez"]
[Site "SchemingMind.com"]
[Date "2013.04.19"]
[Round "-"]
[White "lennart"]
[Black "John Hamer"]
[Result "0-1"]
[WhiteCountry "SWE"]
[BlackCountry "ENG"]
[WhiteElo "1487"]
[WhiteRD "62"]
[BlackElo "2056"]
[BlackRD "65"]
[GameID "330550"]

1. e4 Nc6 2. Nc3 Nf6 3. d3 d5 4. exd5 Nxd5 5. Nxd5 Qxd5 6. h3 Bf5 7. c4 Qe6+ 8. Be2 O-O-O 9. Nf3 Rxd3 10. Bd2 Rxf3
11. gxf3 Nd4 12. Rc1 Nxf3+ 13. Kf1 Bxh3+
0-1

[Event "Exchange Ruy Lopez"]
[Site "SchemingMind.com"]
[Date "2013.04.19"]
[Round "-"]
[White "John Hamer"]
[Black "lennart"]
[Result "1-0"]
[WhiteCountry "ENG"]
[BlackCountry "SWE"]
[WhiteElo "2056"]
[WhiteRD "65"]
[BlackElo "1487"]
[BlackRD "62"]
[GameID "330555"]

1. e4 e5 2. Nf3 Nc6 3. Bc4 h6 4. Nc3 Nf6 5. O-O d6 6. d4 exd4 7. Nxd4 Nxd4 8. Qxd4 a6 9. e5 Nd7 10. exd6 f6
11. Re1+ Ne5 12. Rxe5+ fxe5 13. Qxe5+ Be7 14. Qh5+ Kf8 15. Qf7#
1-0

[Event "Exchange Ruy Lopez"]
[Site "SchemingMind.com"]
[Date "2013.04.25"]
[Round "-"]
[White "kenneth m day"]
[Black "Ferdyrojo"]
[Result "1-0"]
[WhiteCountry "USA"]
[BlackCountry "CHI"]
[WhiteElo "1791"]
[WhiteRD "48"]
[BlackElo "1654"]
[BlackRD "202"]
[GameID "330875"]

1. e4 e5 2. Nf3 Nc6 3. c3 Nf6 4. d4 d6 5. Bb5 Bd7 6. Nbd2 exd4 7. cxd4 a6 8. Ba4 Be7 9. O-O O-O 10. Re1 b5
11. Bc2 Nb4 12. Bb3 Nc6 13. e5 dxe5 14. dxe5 Ne8 15. Ne4 Na5 16. Bc2 Bb4 17. Bd2 Bxd2 18. Nfxd2 f5 19. Nc5 Bc6 20. Ne6
1-0

[Event "Exchange Ruy Lopez"]
[Site "SchemingMind.com"]
[Date "2013.04.26"]
[Round "-"]
[White "Ferdyrojo"]
[Black "kenneth m day"]
[Result "0-1"]
[WhiteCountry "CHI"]
[BlackCountry "USA"]
[WhiteElo "1654"]
[WhiteRD "202"]
[BlackElo "1791"]
[BlackRD "48"]
[GameID "330877"]

1. e4 c5 2. Nf3 Nc6 3. d4 cxd4 4. Nxd4 e5 5. Nb5 d6 6. N1c3 a6 7. Na3 b5 8. Nd5 Nf6 9. Bg5 Qa5+ 10. Bd2 Qd8
11. Bd3 Nxd5 12. exd5 Ne7 13. O-O Ng6 14. c4 Be7 15. cxb5 O-O 16. bxa6 Bxa6 17. Qe2 Bb7 18. Qf3 Qd7
0-1

[Event "Exchange Ruy Lopez"]
[Site "SchemingMind.com"]
[Date "2013.05.03"]
[Round "-"]
[White "Till Plewe"]
[Black "herguz"]
[Result "1-0"]
[WhiteCountry "JPN"]
[BlackCountry "VEN"]
[WhiteElo "2348"]
[WhiteRD "69"]
[BlackElo "1807"]
[BlackRD "116"]
[GameID "331383"]

1. e4 c5 2. Nf3 d6 3. d4 cxd4 4. Nxd4 Nf6 5. Nc3 a6 6. Be3 e5 7. Nb3 Be6 8. f3 Nc6 9. Nd5 Bxd5 10. exd5 Ne7
11. c4 g6 12. Bd3 Bg7 13. O-O b5 14. cxb5 Nfxd5 15. Bf2 Nb4 16. Be2 axb5 17. Bxb5+ Kf8 18. Qd2 Nbc6 19. Rfd1 h5 20. Qxd6 Qxd6
21. Rxd6 Nd4 22. Nxd4 exd4 23. Bxd4 Nf5 24. Bxg7+ Kxg7 25. Rd2 Rhb8 26. Be2 Kf6 27. Kf2 Rb4 28. a3 Ke5 29. Re1 Rd4 30. Bc4+ Kf6
31. Rxd4 Nxd4 32. Rd1 Nf5 33. Rd7 Ne7 34. g4 hxg4 35. fxg4 g5 36. h4 Rc8 37. b3 gxh4 38. g5+ Kxg5 39. Rxe7
1-0

[Event "Exchange Ruy Lopez"]
[Site "SchemingMind.com"]
[Date "2013.05.03"]
[Round "-"]
[White "herguz"]
[Black "Till Plewe"]
[Result "0-1"]
[WhiteCountry "VEN"]
[BlackCountry "JPN"]
[WhiteElo "1690"]
[WhiteRD "167"]
[BlackElo "2341"]
[BlackRD "71"]
[GameID "331384"]

1. f4 Nf6 2. Nf3 d5 3. e3 g6 4. d4 Bg7 5. Bd3 O-O 6. O-O b6 7. Nbd2 Ba6 8. Qe2 Bxd3 9. Qxd3 c5 10. Ne5 Nbd7
11. f5 Nxe5 12. dxe5 Ng4 13. e4 dxe4 14. Qg3 Qd4+ 15. Kh1 gxf5 16. Rxf5 e3 17. Rf4 Nf2+
0-1

[Event "Exchange Ruy Lopez"]
[Site "SchemingMind.com"]
[Date "2013.05.07"]
[Round "-"]
[White "Kenny Elliott"]
[Black "Jari Laine"]
[Result "0-1"]
[WhiteCountry "USA"]
[BlackCountry "FIN"]
[WhiteElo "1502"]
[WhiteRD "121"]
[BlackElo "2430"]
[BlackRD "78"]
[GameID "331493"]

1. d4 d5 2. c4 Nc6 3. Nf3 Bg4 4. e3 e5 5. Be2 e4 6. Nfd2 Bxe2 7. Qxe2 Nb4 8. Nb3 Nd3+ 9. Kf1 dxc4 10. Nc5 Bxc5
11. dxc5 Nxc1 12. Qc2 Qd3+ 13. Qxd3 Nxd3 14. Nc3 Nf6 15. h4 O-O-O 16. b3 Ng4 17. Nxe4 f5 18. Ng5 Ndxf2 19. Rh2 c3 20. Nf7 Rd2
21. Ke1 Nxh2 22. Nxh8 Nd3#
0-1

[Event "Exchange Ruy Lopez"]
[Site "SchemingMind.com"]
[Date "2013.05.06"]
[Round "-"]
[White "Jari Laine"]
[Black "Kenny Elliott"]
[Result "1-0"]
[WhiteCountry "FIN"]
[BlackCountry "USA"]
[WhiteElo "2430"]
[WhiteRD "78"]
[BlackElo "1502"]
[BlackRD "121"]
[GameID "331496"]

1. e4 c5 2. Nf3 d6 3. d4 cxd4 4. Nxd4 e5 5. Bb5+ Bd7 6. Bxd7+ Nxd7 7. Nf5 g6 8. Nxd6+ Bxd6 9. Qxd6 Ne7 10. Nc3 O-O
11. Bg5 f6 12. O-O-O fxg5 13. Qe6+ Rf7 14. Rxd7 Qe8 15. Nb5 Nc6 16. Qxe8+ Rxe8 17. Rxf7 Kxf7 18. Nd6+
1-0

[Event "Exchange Ruy Lopez"]
[Site "SchemingMind.com"]
[Date "2013.05.19"]
[Round "-"]
[White "SAMAEL"]
[Black "MazetaFighter"]
[Result "0-1"]
[WhiteCountry "CAN"]
[BlackCountry "GRE"]
[WhiteElo "1742"]
[WhiteRD "59"]
[BlackElo "1983"]
[BlackRD "66"]
[GameID "331827"]

1. e4 e5 2. Nf3 Nc6 3. Be2 Nf6 4. Nc3 Bc5 5. h3 d5 6. exd5 Nxd5 7. O-O O-O 8. d3 Bf5 9. a3 Nxc3 10. bxc3 e4
11. Nh2 exd3 12. cxd3 Qf6 13. Bb2 Rfe8 14. d4 Bd6 15. Kh1 a6 16. Bg4 Bxg4 17. Qxg4 Qf4 18. Qxf4 Bxf4 19. g3 Bg5 20. f4 Be7
21. Kg2 Na5 22. Nf3 f6 23. Nd2 Rad8 24. Rf2 Bd6 25. Kf3 Rd7 26. Re2 Rxe2 27. Kxe2 Re7+ 28. Kf2 Nc6 29. Re1 Rxe1 30. Kxe1 Kf7
31. Ke2 Ne7 32. Kf3 f5 33. Nc4 Ke6 34. Nxd6 Kxd6 35. c4 Nc6 36. d5 Na5 37. Be5+ Kc5 38. Bxc7 Nxc4 39. d6 Kc6 40. a4 b5
41. axb5+ axb5 42. g4 fxg4+ 43. hxg4 b4 44. Ke2 Nxd6
0-1

[Event "Exchange Ruy Lopez"]
[Site "SchemingMind.com"]
[Date "2013.05.14"]
[Round "-"]
[White "PunditX"]
[Black "Don71"]
[Result "1-0"]
[WhiteCountry "PHI"]
[BlackCountry "NIR"]
[WhiteElo "2422"]
[WhiteRD "75"]
[BlackElo "2257"]
[BlackRD "102"]
[GameID "331829"]

1. e4 e5 2. Nf3 Nc6 3. Bb5 a6 4. Ba4 b5 5. Bb3 Bb7 6. O-O Nf6 7. d3 Bc5 8. Nc3 O-O 9. a3 d6 10. Nd5 Nxd5
11. Bxd5 Qc8 12. Ba2 Ne7 13. Be3 Bxe3 14. fxe3 Qg4 15. Qe1 c5 16. h3 Qd7 17. Qh4 Ng6 18. Qh5 Nh8 19. Nh4 Bc8 20. Bd5 Rb8
21. Rf3 Qe7 22. Raf1 Be6 23. Nf5 Bxf5 24. Qxf5 a5 25. Qg4 b4 26. a4 Rbd8 27. Rf6 Qd7 28. Qg5 Rfe8 29. R1f3 Qe7 30. h4 Qf8
31. Rg3
1-0

[Event "Exchange Ruy Lopez"]
[Site "SchemingMind.com"]
[Date "2013.05.19"]
[Round "-"]
[White "MazetaFighter"]
[Black "SAMAEL"]
[Result "1-0"]
[WhiteCountry "GRE"]
[BlackCountry "CAN"]
[WhiteElo "1983"]
[WhiteRD "66"]
[BlackElo "1742"]
[BlackRD "59"]
[GameID "331834"]

1. e4 e5 2. Nf3 Nc6 3. d4 exd4 4. Nxd4 d6 5. Nc3 Nf6 6. Be2 Be7 7. O-O O-O 8. Be3 Bd7 9. f4 h6 10. Bf3 a6
11. Nxc6 Bxc6 12. Qd2 Re8 13. Rae1 b6 14. e5 Bxf3 15. exf6 Bxf6 16. Rxf3 Qd7 17. Bf2 Rxe1+ 18. Qxe1 Re8 19. Re3 Kf8 20. Rxe8+ Qxe8
21. Qxe8+ Kxe8 22. Be1 c6 23. Kf1 Ke7 24. Ke2 Ke6 25. b3 d5 26. Na4 b5 27. Nc5+ Kf5 28. Kf3 Be7 29. Nxa6 d4 30. g4+ Ke6
31. Nb4 c5 32. Nd3 f6 33. Ke4 g5 34. a4 bxa4 35. bxa4 c4 36. f5+ Kd7 37. Nb4 c3 38. Nd5
1-0

[Event "Exchange Ruy Lopez"]
[Site "SchemingMind.com"]
[Date "2013.05.14"]
[Round "-"]
[White "Don71"]
[Black "PunditX"]
[Result "0-1"]
[WhiteCountry "NIR"]
[BlackCountry "PHI"]
[WhiteElo "2257"]
[WhiteRD "102"]
[BlackElo "2422"]
[BlackRD "75"]
[GameID "331836"]

1. e4 c5 2. Nf3 d6 3. Bb5+ Bd7 4. Bxd7+ Qxd7 5. d4 cxd4 6. Qxd4 Nc6 7. Qd3 e6 8. O-O Nf6 9. Nc3 Be7 10. Rd1 Rd8
11. Bf4 O-O 12. Qe2 Rfe8 13. a3 a6 14. Rd3 Qc7 15. Rad1 Ne5 16. Nxe5 dxe5 17. Bg5 Rd4 18. Rxd4 exd4 19. Rxd4 Qb6 20. Bxf6 gxf6
21. Rd7 Qxb2 22. Nd1 Qxa3 23. Rxb7 Qc1 24. Qd3 a5 25. c3 Rd8 26. Rd7 Rxd7 27. Qxd7 Bf8 28. Qa4 Qd2 29. Kf1 Qd3+ 30. Kg1 Kg7
31. g3 Kg6 32. Kg2 h5 33. h4 Bd6 34. Qd4 Qxd4 35. cxd4 a4 36. Nc3 a3 37. d5 f5 38. exf5+ Kxf5 39. dxe6 Kxe6 40. Kf3 Be5
41. Na2 Kd5 42. Ke2 Kc4 43. Kd2 Bd4
0-1

[Event "Exchange Ruy Lopez"]
[Site "SchemingMind.com"]
[Date "2013.05.25"]
[Round "-"]
[White "Iucounu"]
[Black "fouche"]
[Result "0-1"]
[WhiteCountry "ENG"]
[BlackCountry "COL"]
[WhiteElo "1487"]
[WhiteRD "50"]
[BlackElo "1555"]
[BlackRD "62"]
[GameID "332275"]

1. e4 e6 2. d4 d5 3. Nc3 dxe4 4. Nxe4 Nf6 5. Bg5 Be7 6. Bxf6 Bxf6 7. Nf3 Nd7 8. Bc4 Be7 9. O-O Nf6 10. c3 O-O
11. Ne5 Nxe4 12. Re1 Nf6 13. Ng4 b6 14. Nxf6+ Bxf6 15. Bd3 Bb7 16. f3 h6 17. Qe2 c5 18. dxc5 bxc5 19. Rad1 Qa5 20. a3 Rfd8
21. Be4 Bxe4 22. Qxe4 Rxd1 23. Rxd1 Rd8 24. Qe1 Rxd1 25. Qxd1 Qd8 26. Qxd8+ Bxd8 27. Kf2 Kf8 28. c4 Ke7 29. Ke3 Kd6 30. Ke4 Bf6
31. b4 Bb2 32. b5 Bxa3 33. g4 Bc1 34. h3 f6 35. f4 g6 36. f5 exf5+ 37. gxf5 g5 38. h4 g4 39. h5 Bg5
0-1

[Event "Exchange Ruy Lopez"]
[Site "SchemingMind.com"]
[Date "2013.05.25"]
[Round "-"]
[White "fouche"]
[Black "Iucounu"]
[Result "1-0"]
[WhiteCountry "COL"]
[BlackCountry "ENG"]
[WhiteElo "1571"]
[WhiteRD "61"]
[BlackElo "1492"]
[BlackRD "55"]
[GameID "332279"]

1. d4 Nf6 2. c4 g6 3. Nc3 Bg7 4. e4 d6 5. Bd3 O-O 6. Nf3 c5 7. d5 Bg4 8. O-O a6 9. h3 Bxf3 10. Qxf3 e5
11. Bg5 Nbd7 12. Qe3 Qb6 13. Rab1 Qc7 14. f4 Qd8 15. fxe5 Nxe5 16. Rbd1 Ned7 17. Rf3 Ne5 18. Rf2 Nxd3 19. Rxd3
1-0

[Event "Exchange Ruy Lopez"]
[Site "SchemingMind.com"]
[Date "2013.05.29"]
[Round "-"]
[White "vista"]
[Black "Phillip Beckett"]
[Result "0-1"]
[WhiteCountry "JPN"]
[BlackCountry "ENG"]
[WhiteElo "1277"]
[WhiteRD "98"]
[BlackElo "1588"]
[BlackRD "47"]
[GameID "332322"]

1. e4 e5 2. d4 exd4 3. Qxd4 Nc6 4. Qd1 d6 5. f3 Nf6 6. Bg5 Be7 7. Bxf6 Bxf6 8. Bd3 Ne5 9. Ne2 Nxd3+ 10. cxd3 O-O
11. O-O Bd7
0-1

[Event "Exchange Ruy Lopez"]
[Site "SchemingMind.com"]
[Date "2013.06.12"]
[Round "-"]
[White "emvarela"]
[Black "kenneth m day"]
[Result "0-1"]
[WhiteCountry "ARG"]
[BlackCountry "USA"]
[WhiteElo "1731"]
[WhiteRD "49"]
[BlackElo "1770"]
[BlackRD "52"]
[GameID "333005"]

1. e4 e5 2. Nf3 Nc6 3. Bb5 f5 4. Nc3 fxe4 5. Nxe4 Nf6 6. Qe2 d5 7. Nxf6+ gxf6 8. d4 Bg7 9. dxe5 O-O 10. O-O Nxe5
11. Qe3 c6 12. Be2 Re8 13. Nxe5 Rxe5 14. Qf3 Qe7 15. Bd3 Bd7 16. Bf4 Rf8 17. Bxe5 fxe5 18. Qh5 e4 19. Rae1 Qd6 20. Be2 Rf6
21. Qg5 Be6 22. f4 Rg6 23. Qh5 Rh6 24. Qe8+ Bf8 25. g3 Bf7 26. Qe5 Qc5+ 27. Kg2 Qxc2 28. Rf2 Qc5 29. g4 Rxh2+ 30. Kxh2 Qxf2+
0-1

[Event "Exchange Ruy Lopez"]
[Site "SchemingMind.com"]
[Date "2013.06.12"]
[Round "-"]
[White "kenneth m day"]
[Black "emvarela"]
[Result "1/2-1/2"]
[WhiteCountry "USA"]
[BlackCountry "ARG"]
[WhiteElo "1770"]
[WhiteRD "52"]
[BlackElo "1731"]
[BlackRD "49"]
[GameID "333011"]

1. e4 e5 2. Nf3 Nc6 3. c3 Nf6 4. d4 Nxe4 5. d5 Ne7 6. Nxe5 Ng6 7. Qf3 Qf6 8. Nxg6 Qxg6 9. Bd3 f5 10. Nd2 Nxd2
11. Bxd2 d6 12. O-O-O Bd7 13. Rde1+ Be7 14. Re2 Kf7 15. Rg1 Bg5 16. Kc2 Bxd2 17. Rxd2 Rhf8 18. Rdd1 Rae8 19. g4 Kg8 20. gxf5 Qf6
21. c4 Bxf5 22. Bxf5 Qxf5+ 23. Qxf5 Rxf5 24. Rg2 Re2+ 25. Rd2 Rxd2+ 26. Kxd2 Kf7 27. Ke3 g5 28. f3= h5 29. b3 Kf6 30. Ke4 Rf4+
31. Ke3 Kf5 32. Rf2=
1/2-1/2

[Event "Exchange Ruy Lopez"]
[Site "SchemingMind.com"]
[Date "2013.06.20"]
[Round "-"]
[White "Jari Laine"]
[Black "John Hamer"]
[Result "1-0"]
[WhiteCountry "FIN"]
[BlackCountry "ENG"]
[WhiteElo "2430"]
[WhiteRD "78"]
[BlackElo "2124"]
[BlackRD "63"]
[GameID "333333"]

1. e4 b6 2. d4 Bb7 3. Bd3 e6 4. Nc3 Nf6 5. Nge2 d5 6. e5 Nfd7 7. Nf4 Be7 8. Qg4 g6 9. Nxe6 fxe6 10. Bxg6+ hxg6
11. Qxg6+ Kf8 12. Bh6+ Rxh6 13. Qxh6+ Kf7 14. Qh7+ Kf8= 15. Ne2
1-0

[Event "Exchange Ruy Lopez"]
[Site "SchemingMind.com"]
[Date "2013.06.20"]
[Round "-"]
[White "John Hamer"]
[Black "Jari Laine"]
[Result "1/2-1/2"]
[WhiteCountry "ENG"]
[BlackCountry "FIN"]
[WhiteElo "2110"]
[WhiteRD "67"]
[BlackElo "2414"]
[BlackRD "80"]
[GameID "333339"]

1. d4 d5 2. Nf3 Nc6 3. Bf4 Bg4 4. e3 e6 5. Be2 Bd6 6. Bg3 Nf6 7. O-O O-O 8. Nbd2 Bxg3 9. hxg3 Qd6 10. c4 Ne4
11. c5 Qd7 12. Qc2 Bf5 13. Nxe4 Bxe4 14. Qb3 a5 15. Rac1 a4 16. Qc3 f6 17. Bb5 Qf7 18. Nd2 Bf5 19. Rfe1=
1/2-1/2

[Event "Exchange Ruy Lopez"]
[Site "SchemingMind.com"]
[Date "2013.06.30"]
[Round "-"]
[White "Till Plewe"]
[Black "GBEDARD"]
[Result "1-0"]
[WhiteCountry "JPN"]
[BlackCountry "USA"]
[WhiteElo "2372"]
[WhiteRD "72"]
[BlackElo "2202"]
[BlackRD "63"]
[GameID "333843"]

1. e4 d6 2. d4 Nf6 3. Nc3 g6 4. f4 Bg7 5. Nf3 O-O 6. Be3 b6 7. Qd2 Bb7 8. e5 Ng4 9. O-O-O dxe5 10. Nxe5 Nxe5
11. dxe5 Qxd2+ 12. Rxd2 e6 13. Bd3 g5 14. Re1 Nc6 15. g3 Nb4 16. Bc4 c5 17. a3 Nc6 18. Rd7 Na5 19. Be2 Bc6 20. Re7 Rfe8
21. Rxe8+ Bxe8 22. Rd1 gxf4 23. gxf4 Kf8 24. Nb5 Nb7 25. Nc7 Rd8 26. Nxe8 Rxd1+ 27. Kxd1 Kxe8 28. Ba6 Nd8 29. Bb5+ Ke7 30. Bf2 f6
31. Bh4 Bh8 32. Ke2 Bg7 33. Kf3 Kf7 34. Bd3 h6 35. Be4 b5 36. Ke3 c4 37. Bf3 a6 38. Bh5+ Ke7 39. Kd4 Nb7 40. Bf3 Nd8
41. Kc5
1-0

[Event "Exchange Ruy Lopez"]
[Site "SchemingMind.com"]
[Date "2013.06.30"]
[Round "-"]
[White "GBEDARD"]
[Black "Till Plewe"]
[Result "0-1"]
[WhiteCountry "USA"]
[BlackCountry "JPN"]
[WhiteElo "2196"]
[WhiteRD "66"]
[BlackElo "2395"]
[BlackRD "71"]
[GameID "333845"]

1. e4 e5 2. Nf3 Nc6 3. Bb5 a6 4. Ba4 Nf6 5. O-O Nxe4 6. d4 b5 7. Bb3 d5 8. dxe5 Be6 9. Nbd2 Nc5 10. c3 Be7
11. Bc2 d4 12. Nb3 d3 13. Nxc5 dxc2 14. Qxd8+ Rxd8 15. Nxe6 fxe6 16. Be3 Rd5 17. Rfc1 Nxe5 18. Nxe5 Rxe5 19. Rxc2 Kf7 20. c4 b4
21. Rd2 Rd8 22. Rxd8 Bxd8 23. Rd1 Ke8 24. Bd4 Ra5 25. a3 bxa3 26. bxa3 g6 27. Re1 Kd7 28. Rd1 Kc6 29. Bb2 Be7 30. Rd3 Ra4
31. Re3 Kd7 32. Rc3 Bc5 33. Rc1 Kc6 34. Kf1 e5 35. Bxe5 Rxa3 36. Rc2 a5 37. Ke2 a4 38. Rb2 Bb6 39. Bf6 Ba5 40. Bg7 Bc3
41. Bxc3 Rxc3 42. Rb4 Rc2+ 43. Kd3 Rxf2 44. Rxa4 Rxg2 45. Ra6+ Kd7 46. Ke3 Rxh2 47. c5 Rh4 48. Rf6 g5 49. Rf5 h6 50. Rf7+ Kc6
51. Rg7 Kxc5 52. Rxc7+ Kd5 53. Rg7 Rh3+ 54. Kf2 Ke4 55. Rb7 Kf5 56. Rb5+ Kg4 57. Rb4+ Kh5 58. Rc4 g4 59. Kg2 Ra3 60. Rc6 Kg5
61. Rc7 h5 62. Rc5+ Kh4 63. Rc2 Ra5 64. Rb2 Kg5 65. Re2 h4 66. Rd2 h3+ 67. Kh2 Kh4 68. Rd4 Ra2+
0-1

[Event "Exchange Ruy Lopez"]
[Site "SchemingMind.com"]
[Date "2013.07.15"]
[Round "-"]
[White "MazetaFighter"]
[Black "fouche"]
[Result "1-0"]
[WhiteCountry "GRE"]
[BlackCountry "COL"]
[WhiteElo "1989"]
[WhiteRD "71"]
[BlackElo "1558"]
[BlackRD "66"]
[GameID "334678"]

1. d4 e6 2. c4 f5 3. Nc3 Nf6 4. e3 Be7 5. Nf3 O-O 6. Bd3 b6 7. O-O Bb7 8. Re1 a6 9. b3 c5 10. Bb2 cxd4
11. exd4 h6 12. Ne5 Nc6 13. Ng6 Rf7 14. Nxe7+ Rxe7 15. Na4 Na7 16. Ba3 Rf7 17. f3 Rc8 18. Qd2 b5 19. Nc5 Rb8 20. Nxb7 Rxb7
21. Re5 Nc6 22. cxb5 axb5 23. Rxb5 Ra7 24. Bc5 Ra8 25. a4 d6 26. Bb6 Qd7 27. a5 Nxd4 28. Bxd4 e5 29. Bb6 Kh8 30. Bc4 Rff8
31. Qd3 e4 32. fxe4 Nxe4 33. Bd5 Rac8 34. Bxe4 fxe4 35. Qd5 Rce8 36. Re1 Re5 37. Qxe5 dxe5 38. Rxe5 Rf4 39. b4 Qd3 40. Bc5 Qc2
41. a6 Rg4 42. g3 Qd3 43. Re8+ Kh7 44. a7 Rxg3+ 45. hxg3 Qxg3+ 46. Kf1 Qf3+ 47. Bf2 Qd3+ 48. Re2 Qh3+ 49. Ke1 Qc3+ 50. Rd2 Qc1+
51. Ke2 Qc4+ 52. Kd1 Qf1+ 53. Be1 Qf3+ 54. Kc2 Qf5 55. a8=Q e3+ 56. Rd3
1-0